LDR 00853nam a2200205 i 4500 001 000000033756 003 CaOOAMICUS 005 20180830125450.0 008 180830s1873 xxk u000 u und u 040 $aSeMil$bita 100 1 $aMacaulay, Thomas Babington,$d<1800-1859>.$0(OLS)http://semarc/name/89448 245 14$aThe history of England :$bfrom the accession of James 2. /$cby Lord Macaulay. 250 $aA new edition in two volumes. 260 $aLondon :$bLongmans, Green, Reader, & Dyer,$c1873. 300 $a2 v. ;$c19 cm. 650 4$aInghilterra - Storia.$0(OLS)http://semarc/subject/960 774 0 $t1.$g1$w()254493 774 0 $t2.$g2$w()254494 996 $6245$aThe history of England :$bfrom the accession of James 2.$9(OLS)http://semarc/title/402253 996 $6260$aLondon :$bLongmans, Green, Reader, & Dyer$9(OLS)http://semarc/publisher/56239